000 00382nam a2200157Ia 4500
008 151213s9999 xx 000 0 und d
100 _aDr. Hamid Uddin Khan
245 _aJurisprudence
_cDr. Hamid Uddin Khan
250 _a2nd
260 _aDhaka
_bThe Book Fair
_c2004
300 _a8006 p.
650 _aLaw
650 _aLaw
700 _aDr. Hamid Uddin Khan
999 _c4059
_d4059